[Event "18th Aeroflot Open-A 2020"]
[Site "Moscow"]
[Date "2020.02.24"]
[Round "6.2"]
[White "Sjugirov, Sanan"]
[Black "Zvjaginsev, Vadim"]
[Result "1-0"]
[WhiteElo "2674"]
[BlackElo "2623"]
[Annotator "TA"]
[PlyCount "109"]
[EventDate "2020.02.19"]
[EventType "swiss"]
[EventCountry "RUS"]
[SourceTitle "playchess.com"]
[Source "ChessBase"]
[SourceQuality "1"]

{[%evp 9,109,0,0,-6,34,33,24,0,0,0,0,-44,-45,-31,-33,-36,-38,-46,0,-7,0,0,0,0,0,0,0,0,0,0,0,0,0,0,12,-24,0,0,33,0,70,0,62,-8,-31,-78,-2,-37,18,22,18,0,0,0,1,1,1,1,1,1,1,1,1,2,66,71,68,68,58,58,174,163,154,176,252,264,257,257,261,265,259,258,193,179,320,330,308,289,531,520,730,692,788,908,883,864,1079,1063,1339,1237,1216,1215]} 1. c4 e6 2. g3 d5 3. Bg2 a6 4. Nf3 dxc4 5. O-O Nf6 6. Qc2 {A13: English Opening: 1...e6.} Nbd7 7. a4 Nc5 8. Na3 {[#]White has an edge.} b5 $146 {[%mdl 512]} ({Predecessor:} 8... Nb3 9. Rb1 Bxa3 10. bxa3 b5 11. Bb2 Bb7 12. d3 O-O 13. axb5 axb5 14. dxc4 bxc4 {1-0 (31) Tomashevsky,E (2688)-Sjugirov,S (2585) Ulan Ude 2009}) 9. axb5 axb5 {[#]} 10. Nd4 $1 {[%mdl 512]} Rxa3 $1 ({Avoid the trap} 10... Qxd4 $2 11. Nxb5 (11. Bxa8 Nb3 $11) 11... Rxa1 12. Nxd4 $18) 11. Bc6+ Ke7 12. Rxa3 Qxd4 13. Bxb5 h5 14. Rc3 Bb7 {Threatens to win with ...h4.} 15. Rxc4 {[%mdl 64] Double Attack} Qd5 {[%csl Gb7][%cal Rd5h1]} 16. f3 Ncd7 17. Bc6 Bxc6 18. e4 $1 {[%cal Re4d5]} Qb5 19. Rxc6 h4 {...hxg3 is the strong threat.} 20. g4 Ne8 21. d4 f6 22. Be3 Kf7 23. h3 Bb4 24. Ra1 {[%mdl 1024] White has compensation.} Ba5 (24... g5 $11) 25. Kg2 (25. d5 $1 $14 e5 26. Qa4 Qxa4 27. Rxa4) 25... Nd6 {[#]} ({Better is} 25... Bb6 $11) 26. Bf2 (26. e5 $1 $14 {[%mdl 512]} Nb7 (26... fxe5 27. Rxa5) 27. b4) 26... Bb6 $11 27. Ra3 {[#]} Rb8 ({Black should play} 27... Rd8 $1 $17) 28. Rcc3 Rb7 ({Black should try} 28... Rc8 $15) 29. Rcb3 Qc4 30. Rc3 Qb5 31. Rcb3 Qc4 32. Qxc4 Nxc4 33. Ra4 $36 {[%mdl 2048] White is pushing.} Nd6 34. Bxh4 e5 35. Bf2 exd4 36. Bxd4 c5 (36... g5 $11) 37. Bf2 $14 g5 38. Ra6 Nc4 39. h4 Rc7 {Black is on the road to losing.} (39... gxh4 $14 40. Bxh4 Nf8) 40. h5 Rc6 41. Bg3 Nce5 (41... Re6 $142 42. Bh2 Rc6) 42. Bxe5 $1 $18 fxe5 43. Rd3 Ke7 44. Rd5 c4 45. Kf1 Re6 46. Rb5 Kd8 (46... Rf6 $142) 47. Ra8+ Kc7 48. Rg8 Kc6 $2 (48... Rf6 49. Ke2 (49. Rxg5 Rxf3+ 50. Kg2 Rf2+ 51. Kg3 Be3 $16) 49... Nc5 50. Rg7+ (50. Rxg5 Ne6 $18) 50... Kc6) 49. Rd5 {White is clearly winning.} Re7 50. Rg6+ Kc7 51. h6 Bd4 52. Ke2 Bxb2 53. Rg7 Rxg7 54. hxg7 Nf6 55. Ra5 {Accuracy: White = 81%, Black = 54%.} 1-0

[Event "18th Aeroflot Open-A 2020"]
[Site "Moscow"]
[Date "2020.02.24"]
[Round "6.3"]
[White "Smirin, Ilia"]
[Black "Sarana, Alexey"]
[Result "1/2-1/2"]
[WhiteElo "2615"]
[BlackElo "2656"]
[Annotator "TA"]
[PlyCount "25"]
[EventDate "2020.02.19"]
[EventType "swiss"]
[EventCountry "RUS"]
[SourceTitle "playchess.com"]
[Source "ChessBase"]
[SourceQuality "1"]

{[%evp 9,25,27,21,29,35,15,10,0,0,0,7,0,0,0,0,-18,-13,-13]} 1. e4 c5 2. Nc3 d6 3. Nge2 Nf6 4. h3 a6 5. g4 b5 {[#]} 6. Bg2 $146 {[#] e5! is the strong threat. B23: Closed Sicilian: Lines without g3.} ({Predecessor:} 6. g5 Nfd7 7. Ng3 Bb7 8. Bg2 e6 9. d3 Be7 10. f4 d5 11. O-O b4 12. Nce2 dxe4 13. Nxe4 {0-1 (36) Bartel,M (2513)-Magalashvili,D (2448) Istanbul 2005}) 6... Bb7 7. O-O Nc6 {The position is equal.} 8. d4 cxd4 9. Nxd4 Nxd4 10. Qxd4 e5 11. Qd3 Be7 12. a3 O-O 13. Be3 {A rather calm draw.} 1/2-1/2

[Event "18th Aeroflot Open-A 2020"]
[Site "Moscow"]
[Date "2020.02.24"]
[Round "6.4"]
[White "Adhiban, B.."]
[Black "Savchenko, Boris"]
[Result "1/2-1/2"]
[WhiteElo "2654"]
[BlackElo "2573"]
[Annotator "TA"]
[PlyCount "64"]
[EventDate "2020.02.19"]
[EventType "swiss"]
[EventCountry "RUS"]
[SourceTitle "playchess.com"]
[Source "ChessBase"]
[SourceQuality "1"]

{[%evp 15,64,12,45,0,34,0,13,2,18,0,0,-8,0,0,28,28,17,0,21,22,20,-158,-60,-86,-25,-16,-29,-29,-29,-116,-91,-75,-35,-29,-35,-31,0,0,0,-156,-172,-124,0,0,0,0,0,0,0,0,0]} 1. e4 e6 2. d4 d5 3. Nc3 Bb4 4. e5 c5 5. a3 Bxc3+ 6. bxc3 Qa5 7. Bd2 Qa4 8. Qg4 g6 9. h4 {C18: French: 3 Nc3 Bb4: Main line: 7 h4 and 7 Qg4.} h6 {[#]} 10. Qd1 $146 (10. h5 $5 {[%cal Rh5g6]} g5 11. f4 $14) ({Predecessor:} 10. Bd3 Nc6 11. Qf4 c4 12. Be2 Bd7 13. Bd1 Rh7 14. Qg3 Rg7 15. h5 g5 16. f4 g4 {1-0 (59) Jacobson,B (2470)-Narayanan,S (2185) Charlotte 2020}) 10... Nc6 {[%cal Bb8c6,Bc6e5,Be5c4][%mdl 32]} 11. dxc5 Nxe5 {[#]} 12. c4 $1 {[%mdl 512]} Nxc4 (12... dxc4 13. Bc3) 13. Bc3 f6 14. Bd3 Kf7 15. Qf3 {Strongly threatening Ne2.} Qc6 16. Rd1 e5 17. Bxc4 $1 dxc4 18. Rd6 $2 (18. Qxc6 $11 bxc6 19. Rd8) 18... Qxf3 (18... Qxc5 $17 19. Bb4 Qc7 20. Qd5+ Kg7) 19. Nxf3 Be6 (19... Bf5 $17 {aiming for ...Ne7.} 20. Nd2 Ne7) 20. O-O $11 Ne7 {Hoping for ...Nf5.} 21. Rb1 Bd5 $36 {[%mdl 2048] Black is pushing.} 22. Nd2 (22. Nh2 $11) 22... g5 23. Nf1 gxh4 24. Ne3 Bc6 25. f4 $1 {[%cal Rf4e5]} Rhg8 (25... Nc8 $5 {[%cal Rc8d6]} 26. Rxf6+ {[%mdl 64] Remove Defender} Kxf6 27. Bxe5+ Kg6 28. Bxh8 Ne7 $15) 26. fxe5 Rg3 27. e6+ $2 {[#]} ({White should try} 27. Rxf6+ $11 Kg8 28. Bd4) 27... Kg6 $1 $17 28. Re1 Nf5 (28... Rg8 $17 {White must now prevent ...Nf5.} 29. Re2 h3) 29. Nxf5 $11 {The position is equal.} Kxf5 30. e7 {With the idea Re2.} Re8 ({But not} 30... Rxc3 $6 31. Rd8 $16) (30... Bxg2 $6 31. Bxf6 Bc6+ 32. Kh2 $16) 31. Rxf6+ Kg5 32. Ree6 {Bd2+ is the strong threat.} Rxc3 {[%mdl 64] Double Attack. Accuracy: White = 71%, Black = 60%.} 1/2-1/2

[Event "18th Aeroflot Open-A 2020"]
[Site "Moscow"]
[Date "2020.02.24"]
[Round "6.5"]
[White "Jumabayev, Rinat"]
[Black "Aleksandrov, Aleksej"]
[Result "1/2-1/2"]
[WhiteElo "2646"]
[BlackElo "2592"]
[Annotator "TA"]
[PlyCount "116"]
[EventDate "2020.02.19"]
[EventType "swiss"]
[EventCountry "RUS"]
[SourceTitle "playchess.com"]
[Source "ChessBase"]
[SourceQuality "1"]

{[%evp 25,116,27,39,39,34,8,13,35,34,2,33,33,25,40,26,29,30,33,35,26,33,26,31,17,29,27,20,32,41,0,0,0,0,0,61,39,51,21,100,56,64,15,15,8,8,-8,-8,-8,-8,-349,0,0,0,0,0,0,0,0,0,0,0,-39,0,-18,0,0,0,0,0,0,0,0,0,0,0,0,0,0,0,0,0,0,0,0,0,0,0,0,0,0,0,-8,0]} 1. d4 Nf6 2. c4 e6 3. Nf3 d5 4. Nc3 Bb4 5. Bg5 dxc4 6. e4 c5 7. Bxc4 cxd4 8. Nxd4 Bxc3+ 9. bxc3 Qa5 10. Bb5+ Nbd7 {[%cal Bb8d7,Bd7e5,Be5g6][%mdl 32]} 11. Bxf6 Qxc3+ 12. Kf1 gxf6 13. h4 a6 14. Rh3 {[%mdl 1024] White has compensation. D39: Queen's Gambit Declined: Ragozin Defence with 5 Bg5 dxc4.} Qb4 15. Be2 Ne5 16. Rb1 Qd6 17. Rc3 Bd7 {17...0-0 is the modern continuation.} 18. Rxb7 O-O 19. f4 Ng6 20. g3 Rfb8 21. Rxb8+ Rxb8 22. Nb3 Qxd1+ 23. Bxd1 {[#]} Kf8 $146 ({Predecessor:} 23... Ne7 24. Kf2 Kf8 25. Bc2 h6 26. Ke1 Be8 27. Ke2 Rb4 28. a3 Rb6 29. Kd2 f5 {½-½ (43) Mehlhorn,U (2376)-Zinoviev,P (2235) ICCF email 2018}) 24. Rc7 Bb5+ 25. Ke1 Ne7 26. Nc5 f5 27. e5 Nd5 28. Ra7 Rc8 29. Nb7 Rc7 (29... Rc1 $11 30. Kd2 Rc3) 30. Ra8+ $14 Kg7 31. Nd6 Kh6 (31... Rc3 $11) 32. a4 Nb6 $1 {[%cal Rb6a8]} 33. Rg8 ({Of course not} 33. Nxb5 axb5 34. Ra5 Nxa4 $15) 33... Bxa4 34. Bxa4 Nxa4 $11 {[%mdl 4096] Endgame KRN-KRN} 35. Rg5 {[#] Ne8 is the strong threat.} Nc3 36. g4 Ne4 37. Rxf5 $2 {[%mdl 8192]} (37. Nxe4 $11 {and White stays safe.} fxe4 38. f5) 37... Nxd6 $2 (37... Rc1+ $19 38. Ke2 Ng3+ {[%mdl 64] Double Attack} 39. Kd2 exf5 40. g5+ Kh5 41. Kxc1 Ne2+ 42. Kd1 Nxf4 43. Nxf5 Ng6) 38. exd6 {KR-KR} Rd7 39. Ra5 Rxd6 40. Ke2 Kg7 41. Ke3 h6 42. Ke4 Rb6 43. h5 Kf6 44. Rc5 {The position is equal.} Rb4+ 45. Kf3 Rb3+ 46. Kf2 Rb5 47. Rc6 a5 48. Ra6 Rb2+ 49. Kg3 Rb3+ 50. Kh4 Rb4 51. Kg3 $1 Rb3+ 52. Kh4 Rb4 53. Kg3 $1 Ra4 54. Ra7 Ra1 55. Kh4 Ra4 56. Kg3 Ra1 57. Kh4 a4 58. g5+ hxg5+ {Accuracy: White = 83%, Black = 86%.} 1/2-1/2

[Event "18th Aeroflot Open-A 2020"]
[Site "Moscow"]
[Date "2020.02.24"]
[Round "6.6"]
[White "Yilmaz, Mustafa"]
[Black "Riazantsev, Alexander"]
[Result "1-0"]
[WhiteElo "2607"]
[BlackElo "2639"]
[Annotator "TA"]
[PlyCount "181"]
[EventDate "2020.02.19"]
[EventType "swiss"]
[EventCountry "RUS"]
[SourceTitle "playchess.com"]
[Source "ChessBase"]
[SourceQuality "1"]

{[%evp 14,181,21,20,27,11,19,19,17,0,23,22,28,14,18,13,20,19,28,19,22,0,23,18,29,14,28,0,61,55,54,53,47,50,50,50,55,61,115,109,142,106,152,145,157,158,158,143,143,112,112,112,112,112,112,112,112,112,112,112,112,112,112,112,112,112,112,112,112,112,112,0,112,0,112,112,112,112,112,112,137,137,137,137,137,137,137,137,137,137,137,137,137,137,137,137,142,137,137,137,137,0,137,137,142,0,137,0,142,142,142,142,142,142,142,142,142,142,142,142,366,142,142,142,142,142,142,142,142,142,142,142,262,0,142,142,237,142,142,142,142,142,142,43,62,116,116,123,29967,29969,29966,29968,29969,29969,29972,29973,29973,29974,29973,29974,29975,29974,29974,29975,29975,29976,29975,29975,29971,29972]} 1. d4 d5 2. c4 e6 3. Nf3 Nf6 4. Nc3 Bb4 5. Bg5 h6 6. Bxf6 Qxf6 7. Qa4+ Nc6 8. e3 O-O {D38: Queen's Gambit Declined: Ragozin Defence (4 Nf3 Bb4).} 9. Rc1 Rd8 {is cutting edge theory.} 10. Be2 dxc4 {[#] The position is equal.} 11. Qb5 $5 $146 {[%mdl 8] New and interesting.} ({Predecessor:} 11. Bxc4 Bxc3+ 12. bxc3 Bd7 13. Be2 e5 14. Qc2 Bf5 15. Qb2 e4 16. Nd2 Na5 17. O-O {1-0 (47) Ding,L (2805)-Giri,A (2779) Saint Louis 2019}) 11... Bd6 12. Qxc4 Qe7 13. a3 e5 14. d5 Nb8 15. Nd2 Nd7 16. O-O a6 17. Nde4 (17. Qb3 {keeps more tension.} Nc5 18. Qc2 a5 19. Rfd1 Bd7 20. Nce4) 17... Nf8 18. Nxd6 cxd6 19. Qb4 b5 20. Qa5 Bb7 (20... Bf5 $11) 21. a4 $36 {[%mdl 2048] White is pushing.} Nh7 22. axb5 axb5 23. Qb4 Nf6 24. e4 (24. Bxb5 Nxd5 25. Nxd5 Bxd5 $15) (24. Qxb5 Ba6 $11) 24... Ba6 25. Ra1 (25. Bxb5 Qb7 $15) 25... Qb7 (25... Nd7 $14) 26. Ra5 $16 Ne8 27. Nd1 {[%cal Bc3d1,Bd1e3,Be3c4][%mdl 32]} (27. Bxb5 Nc7 $16) 27... Rdc8 28. Ne3 (28. Bxb5 $2 Rc5 $19) 28... g6 29. Rfa1 Qb6 30. h4 (30. Bxb5 Nc7 $11) 30... h5 31. Bxb5 {[%cal Ra5a6]} Nc7 {[%cal Ra6b5]} 32. Nc4 $1 {[%csl LRb6,LRd6]} Qd4 33. Rxa6 Rxa6 34. Bxa6 Nxa6 35. Rxa6 (35. Qxd6 $6 Nc5 $11) 35... Qxc4 36. Qxc4 (36. Qxd6 {gets mated.} Qc1+ 37. Kh2 Qf4+ $1 {[%mdl 512]} 38. Kh3 Qg4+ 39. Kh2 Qxh4+ 40. Kg1 Rc1#) 36... Rxc4 {[%mdl 4096] Endgame KR-KR} 37. f3 ({Of course not} 37. Rxd6 $6 Rxe4 38. Rd8+ Kg7 $11) 37... Rb4 38. Rxd6 Kf8 39. Ra6 Rxb2 40. Ra8+ Ke7 41. Ra7+ Kf6 42. Ra8 Ke7 $1 43. Ra7+ Kf6 $1 44. Ra3 Rd2 45. Kh2 Ke7 46. Kh3 Rd1 47. g4 hxg4+ 48. Kxg4 Rg1+ 49. Kh3 Rh1+ 50. Kg3 Rg1+ 51. Kh2 Rd1 52. Ra6 Rd2+ 53. Kg3 Rd1 54. Ra2 Rd4 55. Ra7+ Kf6 56. Ra6+ Kg7 57. Ra7 Kf6 $1 58. Ra8 Ke7 59. Ra6 Rd1 $1 60. Ra8 Rd4 $1 61. h5 gxh5 62. Rh8 f6 63. Rxh5 Kf7 64. Kf2 Rd2+ 65. Ke3 Ra2 66. Rh7+ Ke8 $2 (66... Kg6 $16 67. Rb7 Ra6) 67. Rb7 $2 (67. Kd3 $1 $18 {is the precise move to win.} Ra4 68. Ke2) 67... Ra4 68. Kd3 Rd4+ 69. Ke2 Ra4 70. Ke3 Rc4 71. Ra7 Rb4 72. Ra6 Kf7 (72... Ke7 $16 {was necessary.} 73. Ra7+ Ke8) 73. Ra7+ (73. Kd3 $1 $18) 73... Ke8 74. Rh7 Rb2 (74... Rb3+ $16 {keeps fighting.} 75. Kf2 Ra3) 75. Rh1 (75. Kd3 $1 $18) 75... Ke7 76. Rd1 Ra2 77. Rd2 Ra4 78. Kf2 ({White should play} 78. Rc2 $16) 78... f5 $1 $14 79. Ke3 Ra3+ {[#]} 80. Rd3 $1 {[%cal Rd3a3]} Ra2 $2 {[%mdl 8192] [#]} (80... Ra4 $16 81. Rb3 (81. exf5 Kd6 $11) 81... Kf6) 81. d6+ $1 {White mates.} Kd7 82. exf5 Ra4 83. Rd5 Rh4 84. Rxe5 Kxd6 85. Re4 Rh8 86. Kf4 Rf8 87. Kg5 Rg8+ 88. Kh6 Rf8 89. Kg6 Rg8+ 90. Kf7 Rg3 91. Re3 {Accuracy: White = 86%, Black = 82%.} 1-0

[Event "18th Aeroflot Open-A 2020"]
[Site "Moscow"]
[Date "2020.02.24"]
[Round "6.7"]
[White "Idani, Pouya"]
[Black "Aravindh, Chithambaram VR."]
[Result "1/2-1/2"]
[WhiteElo "2577"]
[BlackElo "2630"]
[Annotator "TA"]
[PlyCount "100"]
[EventDate "2020.02.19"]
[EventType "swiss"]
[EventCountry "RUS"]
[SourceTitle "playchess.com"]
[Source "ChessBase"]
[SourceQuality "1"]

{[%evp 26,100,15,19,22,17,22,16,18,21,14,7,20,0,0,0,17,19,21,11,27,11,8,0,0,0,0,0,0,0,0,-14,-14,-19,-12,-12,-12,-12,-12,-12,0,0,0,0,0,-13,0,-8,-6,-7,0,0,0,0,0,0,0,0,0,0,0,0,0,0,0,0,0,0,0,0,0,0,0,0,0,0,0]} 1. e4 c5 2. Nf3 e6 3. d4 cxd4 4. Nxd4 Nf6 5. Nc3 Nc6 6. Ndb5 d6 7. Bf4 e5 8. Bg5 a6 9. Na3 b5 10. Nd5 Be7 11. Bxf6 Bxf6 12. c3 Rb8 13. Nc2 Bg5 14. a4 {14.Ncb4 is a critical line.} bxa4 {B33: Sicilian: Pelikan and Sveshnikov Variations.} 15. Ncb4 Nxb4 16. cxb4 Bd7 17. Bxa6 O-O 18. O-O Qe8 19. Nc7 Qd8 $1 {[%cal Rd8c7]} 20. Nd5 $1 Qe8 21. b3 axb3 $1 22. Qxb3 Kh8 23. Bd3 {[#]} Be6 $146 {The position is equal.} ({Predecessor:} 23... Bd8 24. Ra6 Qe6 25. Rb1 Bc8 26. Ra7 Bb7 27. Bc4 Qg6 28. Re1 f5 29. exf5 Qxf5 30. Ra2 Rc8 31. f3 Qg5 32. Kh1 Qh4 {0-1 (71) Zawadzka,J (2419)-Dubov,D (2660) Minsk 2017}) 24. b5 Bd8 $1 25. Bc4 Bxd5 26. Bxd5 Rxb5 27. Qd3 Rb8 28. Qa3 Qe7 29. Qa7 Qxa7 30. Rxa7 f5 31. Rd7 fxe4 32. Rxd6 Rb4 33. Re6 g6 34. g3 Kg7 35. Bc6 Rf5 36. Rd6 Bb6 {aiming for ...e3.} 37. Bxe4 {[#]} Bxf2+ $1 {[%mdl 512]} 38. Rxf2 Rxe4 $11 {[%mdl 4096] Endgame KRR-KRR} 39. Rd7+ Kh6 40. Kg2 Re1 41. h4 Re3 42. Rf7 Rxf7 43. Rxf7 {KR-KR} Kh5 44. Kf2 Ra3 45. Rxh7+ Kg4 46. Rg7 Kf5 47. g4+ {[%mdl 64] [#] Decoy} Kxg4 48. Rxg6+ Kxh4 49. Re6 Ra5 50. Ke3 Kg4 {Not much happened in this game. Accuracy: White = 100%, Black = 100%.} 1/2-1/2

[Event "18th Aeroflot Open-A 2020"]
[Site "Moscow"]
[Date "2020.02.24"]
[Round "6.8"]
[White "Bharath Subramaniyam H"]
[Black "Paravyan, David"]
[Result "1/2-1/2"]
[WhiteElo "2402"]
[BlackElo "2629"]
[Annotator "TA"]
[PlyCount "100"]
[EventDate "2020.02.19"]
[EventType "swiss"]
[EventCountry "RUS"]
[SourceTitle "playchess.com"]
[Source "ChessBase"]
[SourceQuality "1"]

{[%evp 12,100,16,14,33,16,16,12,24,11,14,1,25,0,0,10,-4,-62,-60,-84,-68,-62,8,0,0,-58,0,-66,-41,-72,-38,-64,-6,-94,20,-20,0,-34,-24,-83,-83,-90,-90,-78,-83,-83,-86,-107,0,0,17,0,81,91,115,106,110,113,239,47,116,127,120,0,0,0,70,87,102,63,192,81,101,62,38,0,0,0,0,0,0,0,0,0,0,0,0,0,0,0,0]} 1. e4 e5 2. Nf3 Nc6 3. Bc4 Bc5 4. c3 Nf6 5. d3 d6 6. O-O Bb6 7. a4 $1 {[%mdl 4] is currently scoring better than 7.Bb3.} a5 {C54: Giuoco Piano: 4 c3 Nf6, main lines with 5 d4 and 5 d3.} 8. Re1 O-O 9. h3 Be6 10. Nbd2 h6 11. b3 {[#]} Kh8 $146 ({Predecessor:} 11... d5 12. Bb5 Ne7 13. exd5 Nfxd5 14. Bb2 c6 15. Bc4 Ng6 16. Nxe5 Bxh3 17. Ndf3 Bf5 18. d4 Ngf4 19. Nd3 Bc7 20. Nxf4 Nxf4 21. Ne5 Nxg2 22. Kxg2 Qg5+ {½-½ (22) Kazantsev,R (2421)-Kevicky,M (2406) ICCF email 2017}) 12. Bb2 Nh5 13. d4 Nf4 14. Bf1 (14. d5 $11 Qf6 15. Kh2 (15. dxe6 $2 Qg6 $17)) 14... f5 $15 15. exf5 Bxf5 16. Nc4 e4 (16... Ba7 $1 $15) 17. Nh2 Ba7 18. Ne3 (18. Qd2 $11 Qg5 19. Kh1) 18... Be6 (18... Bd7 $1 $15) 19. Bc1 (19. Neg4 $1 $11) 19... Qf6 $36 {[%mdl 2048] Black fights for an advantage.} 20. Ra2 Qf7 21. Rb2 Rad8 (21... Qg6 $15 22. Kh1 Ne7) 22. Neg4 (22. f3 $11) 22... d5 (22... Nd5 $17 23. Qc2 h5) 23. g3 Ng6 24. Bg2 Nb8 25. f4 (25. Nxh6 $11 {keeps the balance.} gxh6 26. Bxh6) 25... c5 $1 $17 26. dxc5 Bxc5+ 27. Be3 Qc7 28. Rd2 Ne7 29. Nf1 Bxg4 (29... Nd7 $17 {aiming for ...Bxe3+.} 30. Rc2 Qb6) 30. hxg4 $11 Na6 31. Kh2 Rc8 (31... Qb6 $11 {remains equal.}) 32. Ree2 Qb6 33. c4 $1 dxc4 34. bxc4 Qg6 {[#]} (34... Ng8 $16 {is a better defense.}) 35. Rf2 $2 (35. Bxe4 $1 $18 {[%mdl 512]} Qb6 (35... Qxe4 36. Bxc5) 36. Bb1) 35... Nc6 (35... Ng8 $14) 36. Rd5 $16 Ncb4 {[#] And now ...Bxe3 would win.} 37. Bxc5 (37. Rh5 $1 $16) 37... Nxc5 $11 ({Wrong is} 37... Rxc5 $2 38. Rd6 $16) 38. Rd6 Qf7 (38... Rf6 $11 39. Rd8+ Rf8) 39. Qd4 $14 Kg8 40. Ne3 Nbd3 ({Black should play} 40... Qc7 $14) 41. Rf1 (41. Re2 $18 {has better winning chances.}) 41... Rfe8 42. Rb1 Rc6 43. Rb6 Ne6 {The position is equal.} 44. Qd5 Ndxf4 45. gxf4 Qxf4+ 46. Kh1 Qxe3 47. Rxe6 Qe1+ 48. Kh2 Qh4+ 49. Kg1 Qe1+ 50. Kh2 Qh4+ {Accuracy: White = 58%, Black = 63%.} 1/2-1/2

[Event "18th Aeroflot Open-A 2020"]
[Site "Moscow"]
[Date "2020.02.24"]
[Round "6.9"]
[White "Abdusattorov, Nodirbek"]
[Black "Antipov, Mikhail Al."]
[Result "1/2-1/2"]
[WhiteElo "2644"]
[BlackElo "2562"]
[Annotator "TA"]
[PlyCount "110"]
[EventDate "2020.02.19"]
[EventType "swiss"]
[EventCountry "RUS"]
[SourceTitle "playchess.com"]
[Source "ChessBase"]
[SourceQuality "1"]

{[%evp 15,110,17,22,9,26,18,15,17,19,19,16,17,17,14,19,16,20,15,19,16,18,19,17,17,21,16,16,13,13,14,15,7,24,16,22,17,24,0,20,0,24,10,20,21,18,17,16,16,13,7,10,16,17,17,17,8,19,16,30,30,80,68,56,47,43,44,89,87,87,0,8,0,62,52,47,60,58,0,0,0,0,0,0,0,0,0,0,0,0,0,0,0,0,0,0,0,0]} 1. e4 e5 2. Nf3 Nc6 3. Bb5 Nf6 4. O-O Nxe4 5. Re1 Nd6 6. Nxe5 Be7 7. Bf1 Nxe5 8. Rxe5 O-O 9. Nc3 {[%cal Bb1c3,Bc3d5,Bd5e3,Be3f5,Bf5e7][%mdl 32] C67: Ruy Lopez: Berlin Defence: 4 0-0 Nxe4.} Ne8 10. Nd5 Bd6 11. Re1 c6 12. Ne3 $1 Be7 13. Nf5 Bf6 14. Qe2 Kh8 15. Ne7 Nc7 16. Nxc8 {[#] aiming for Nd6.} Re8 $146 ({Predecessor:} 16... Qxc8 17. c3 d5 18. d4 Re8 19. Be3 Bg5 20. Qf3 Bxe3 21. fxe3 f5 22. Bd3 g6 {½-½ (38) L'Ami,E (2606)-Van Foreest,L (2523) Wijk aan Zee 2020}) 17. Qd1 Rxe1 18. Qxe1 Rxc8 19. c3 d5 20. d4 Bg5 21. Qe5 Bxc1 22. Rxc1 Qe8 23. g3 f6 24. Qd6 Qf8 25. Qd7 {And now Bh3 would win.} Qe8 26. Qd6 Qf8 $1 {[%cal Rf8d6]} 27. Qd7 {Strongly threatening Bh3.} Qe8 28. Qh3 Rd8 29. Bd3 {[%csl Gd3][%cal Rh3h7]} g6 30. Qh6 Qf8 31. Qf4 Ne6 32. Qf3 Re8 33. h4 f5 34. Rc2 Nd8 35. Re2 Nf7 36. c4 Rxe2 37. Qxe2 Qd6 {[#]} 38. cxd5 $1 cxd5 39. Bc2 f4 $1 40. Qf3 Kg7 41. gxf4 Nh6 42. Bb3 (42. h5 $16) 42... Nf5 $11 43. Bxd5 b6 ({Black should play} 43... Nxd4 $11 44. Qe4 Qxf4) 44. Qe4 $14 Qf6 $1 45. Qe5 Nxd4 46. Qc7+ (46. Kg2 $14) 46... Kh6 $11 {The position is equal.} 47. Bg8 {[%csl Gg8][%cal Rc7h7]} Kh5 $1 48. Qxh7+ Kg4 {Threatens to win with ...Nf3+.} 49. Bb3 {Black must now prevent Bd1+.} ({But not} 49. Qxa7 $2 Nf3+ 50. Kg2 (50. Kf1 {leads to mate.} Qf5 51. Be6 Qxe6 52. Kg2 Nxh4+ 53. Kh2 Qd5 54. Qd7+ Qxd7 55. f3+ Nxf3+ 56. Kg2 Qd1 57. Kf2 Qe1+ 58. Kg2 Qg1#) 50... Nxh4+ 51. Kf1 Qd6 $19) 49... Qc6 {( -> ...Kh3)} 50. Qe7 $1 {[%cal Re7g5] Qg5+ is the strong threat.} ({Avoid the trap} 50. Bd1+ $2 Kh3 $19) 50... Nf3+ 51. Kg2 Nd2+ 52. Kh2 Nf3+ {[%mdl 64] [#] Double Attack} 53. Kg2 Nd2+ 54. Kh2 {Qg5+ would kill now.} Nf3+ {[%mdl 64] Double Attack} 55. Kg2 {White threatens Be6+ and mate.} Nd2+ {Accuracy: White = 95%, Black = 93%.} 1/2-1/2